El subdesarrollo latinoamericano y la teoría del desarrollo /

Guardado en:
Bibliografiske detaljer
Hovedforfatter: Sunkel, Osvaldo
Andre forfattere: Paz, Pedro
Format: Texto
Udgivet: México D.F.: Siglo Veintiuno
Udgivelse:9
Tags: Tilføj Tag
Ingen Tags, Vær først til at tagge denne postø!

MARC

LEADER 00000 a a2200000 04500
001 24658
003
040 |a CRAI/IIS  |c CRAI/IIS 
090 |a 169900  
100 |a Sunkel, Osvaldo  
245 |a El subdesarrollo latinoamericano y la teoría del desarrollo /  |c Osvaldo Sunkel 
250 |a 9  
260 |a México D.F.:   |b Siglo Veintiuno  
300 |a 385 p.   |b **no definido**   |b fonodiscos  
700 |a Paz, Pedro  
999 |c 13932  |d 13932